<?xml version="1.0" encoding="UTF-8"?>
<marc:record xmlns:marc="http://www.loc.gov/MARC21/slim">
   <marc:leader>00000nam a2200000 a 4500</marc:leader>
   <marc:datafield ind1="1" ind2=" " tag="100">
      <marc:subfield code="a">Plankensteiner, Pia</marc:subfield>
      <marc:subfield code="4">aut</marc:subfield>
      <marc:subfield code="e">Verfasser/-in</marc:subfield>
   </marc:datafield>
   <marc:datafield ind1=" " ind2=" " tag="653">
      <marc:subfield code="a">Hans Kelsen</marc:subfield>
   </marc:datafield>
   <marc:datafield ind1=" " ind2=" " tag="653">
      <marc:subfield code="a">Österreichische Bundesverfassung</marc:subfield>
   </marc:datafield>
   <marc:datafield ind1=" " ind2=" " tag="653">
      <marc:subfield code="a">Republik Österreich</marc:subfield>
   </marc:datafield>
   <marc:datafield ind1=" " ind2=" " tag="653">
      <marc:subfield code="a">Softcover / Recht/Öffentliches Recht</marc:subfield>
   </marc:datafield>
   <marc:datafield ind1=" " ind2=" " tag="653">
      <marc:subfield code="a">Verwaltungsrecht</marc:subfield>
   </marc:datafield>
   <marc:datafield ind1=" " ind2=" " tag="653">
      <marc:subfield code="a">Verfassungsprozessrecht</marc:subfield>
   </marc:datafield>
   <marc:datafield ind1="0" ind2="0" tag="245">
      <marc:subfield code="a">Gezeichnet, Hans Kelsen</marc:subfield>
   </marc:datafield>
   <marc:datafield ind1="0" ind2="0" tag="245">
      <marc:subfield code="c">Pia Plankensteiner</marc:subfield>
   </marc:datafield>
   <marc:datafield ind1=" " ind2="1" tag="264">
      <marc:subfield code="a">Wien</marc:subfield>
      <marc:subfield code="b">MANZ Verlag Wien</marc:subfield>
      <marc:subfield code="c">2020</marc:subfield>
   </marc:datafield>
   <marc:datafield ind1="1" ind2=" " tag="520">
      <marc:subfield code="a">Angaben aus der Verlagsmeldung

Gezeichnet, Hans Kelsen / von Pia Plankensteiner

Wer kennt heute noch Hans Kelsen? Und wer weiß heute noch, wie unsere Bundesverfassung vor 100 Jahren entstand?

Österreich, 1920: die Monarchie ist Geschichte und die gerade ausgerufene Republik noch in ihrer Selbstfindungsphase, als ein junger Professor der Universität Wien zum Architekten einer Verfassung wird, die neue Maßstäbe setzt. Dieser Jurist ist Hans Kelsen, 1881 in Prag als Spross einer jüdischen Familie geboren und in Wien aufgewachsen, wo er Jus studiert und bald zu einem bedeutenden Rechtswissenschaftler aufsteigt.

Diese Graphic Novel erzählt mit viel Witz und Ironie vom bewegten Leben Hans Kelsens zwischen Europa und den USA, von Erfolg und weltweiter Anerkennung, aber auch von antisemitischen Vorurteilen, von Entwurzelung und Flucht sowie von zahlreichen unfreiwilligen Neuanfängen. Gleichzeitig informiert sie – und das nicht weniger unterhaltsam – über das Fundament unseres Staates und unserer Demokratie: die österreichische Bundesverfassung.

Eine spannende Reise durch das Leben Hans Kelsens und durch 100 Jahre Verfassungsgeschichte!

</marc:subfield>
   </marc:datafield>
   <marc:datafield ind1=" " ind2=" " tag="020">
      <marc:subfield code="a">9783214100520</marc:subfield>
      <marc:subfield code="9">9783214100520</marc:subfield>
   </marc:datafield>
   <marc:datafield ind1=" " ind2=" " tag="020">
      <marc:subfield code="a">3214100521</marc:subfield>
      <marc:subfield code="9">3214100521</marc:subfield>
   </marc:datafield>
   <marc:datafield ind1=" " ind2=" " tag="041">
      <marc:subfield code="a">ger</marc:subfield>
   </marc:datafield>
   <marc:datafield ind1=" " ind2=" " tag="300">
      <marc:subfield code="a">64 Seiten</marc:subfield>
   </marc:datafield>
</marc:record>
